[Event "Trofeo Cristoforo Colombo"]
[Site "Genova ITA"]
[Date "1989.06.??"]
[Round "1"]
[White "Cramling, Pia"]
[Black "Guido, Flavio"]
[WhiteElo "2480"]
[BlackElo "2330"]
[Result "1-0"]
[PlyCount "81"]
[EventDate "1989.06.02"]

1. d4 Nf6 2. c4 c5 3. d5 d6 4. Nc3 g6 5. e4 Bg7 6. h3 O-O 7. Bd3 Na6 8. Nf3 Nc7
9. Bg5 a6 10. a4 h6 11. Be3 b6 12. O-O e6 13. dxe6 Nxe6 14. Qd2 Kh7 15. Rad1
Qc7 16. Bb1 Rd8 17. Rc1 Bb7 18. Nd5 Nxd5 19. cxd5 Nf8 20. b4 c4 21. Nd4 Rdc8
22. Rc3 b5 23. h4 h5 24. axb5 axb5 25. Nxb5 Bxc3 26. Qxc3 Qd7 27. Qf6 Ne6 28.
dxe6 Qxe6 29. Qxe6 fxe6 30. Nxd6 Rc7 31. b5 c3 32. b6 Rd7 33. Nxb7 Rxb7 34. e5
Ra4 35. Bd3 Kg7 36. Rc1 Ra3 37. Be4 Rd7 38. b7 Rb3 39. Ba7 Rdxb7 40. Bxb7 Rxb7
41. Be3 1-0

[Event "Trofeo Cristoforo Colombo"]
[Site "Genova ITA"]
[Date "1989.06.??"]
[Round "1"]
[White "Farago, Ivan"]
[Black "Hector, Jonny"]
[WhiteElo "2495"]
[BlackElo "2485"]
[Result "1/2-1/2"]
[PlyCount "133"]
[EventDate "1989.06.02"]

1. d4 d5 2. c4 c6 3. Nc3 Nf6 4. e3 e6 5. Nf3 Ne4 6. Bd3 f5 7. Ne5 Qh4 8. O-O
Bd6 9. Bxe4 dxe4 10. f4 O-O 11. Qb3 b6 12. Bd2 Qe7 13. a4 Bb7 14. a5 Bxe5 15.
fxe5 c5 16. axb6 Nc6 17. Ne2 a6 18. Qa3 Rad8 19. Rad1 Rd7 20. Bc3 Rfd8 21. Rde1
cxd4 22. Qxe7 Nxe7 23. Nxd4 Kf7 24. Nb3 Rc8 25. Rd1 Rd3 26. Na5 Rb8 27. Bb4 Nc6
28. Rxd3 exd3 29. Bd6 Nxa5 30. Bxb8 Nxc4 31. Rd1 Be4 32. Bd6 Nxb2 33. Rd2 Nc4
34. Rxd3 Nxb6 35. Ra3 Nc4 36. Rxa6 Nxe3 37. Ra7+ Kg8 38. g3 h5 39. h3 Bd5 40.
Kf2 Nd1+ 41. Kg1 Nc3 42. Kh2 Ne4 43. h4 Nd2 44. Kg1 Ne4 45. Ra3 Kf7 46. Bb4 Bc4
47. Kg2 Bd5 48. Kf3 Nd2+ 49. Kf4 Ne4 50. Ra7+ Kg8 51. Rc7 Nf2 52. Rc8+ Kf7 53.
Ba3 Ne4 54. Bc1 Nf2 55. Rc2 Ne4 56. Rc7+ Kg8 57. Be3 Kf8 58. Rc8+ Kf7 59. Bc5
Bb3 60. Rc7+ Kg8 61. Be3 Bd5 62. Kf3 Nc3+ 63. Kf2 Ne4+ 64. Kg2 Nd2+ 65. Kg1
Nf3+ 66. Kf2 Nxe5 67. Rxg7+ 1/2-1/2

[Event "Trofeo Cristoforo Colombo"]
[Site "Genova ITA"]
[Date "1989.06.??"]
[Round "1"]
[White "Grassi, Mario"]
[Black "Raicevic, Vladimir"]
[WhiteElo "2210"]
[BlackElo "2480"]
[Result "0-1"]
[PlyCount "54"]
[EventDate "1989.06.02"]

1. d4 Nf6 2. c4 e6 3. Nf3 Bb4+ 4. Nc3 h6 5. g3 O-O 6. Bg2 Bxc3+ 7. bxc3 d6 8.
Ba3 Nbd7 9. c5 dxc5 10. O-O Nd5 11. e4 Nxc3 12. Qd3 cxd4 13. Nxd4 c5 14. Nxe6
fxe6 15. Qxc3 b6 16. Bb2 Qe7 17. f4 Bb7 18. Rad1 Nf6 19. Rfe1 Rad8 20. Rxd8
Rxd8 21. Qc4 Kh8 22. e5 Ng8 23. Bh3 Qd7 24. Bg2 Bxg2 25. Kxg2 Qc6+ 26. Kh3 Rd2
27. Re2 b5 0-1

[Event "Trofeo Cristoforo Colombo"]
[Site "Genova ITA"]
[Date "1989.06.??"]
[Round "1"]
[White "Krogius, Nikolai V."]
[Black "Klaric, Zlatko"]
[WhiteElo "2550"]
[BlackElo "2445"]
[Result "1/2-1/2"]
[PlyCount "32"]
[EventDate "1989.06.02"]

1. Nf3 d5 2. c4 d4 3. g3 g6 4. Bg2 Bg7 5. O-O e5 6. d3 Ne7 7. b4 a5 8. b5 c5 9.
bxc6 Nbxc6 10. Nbd2 O-O 11. Ba3 Nb4 12. Qb3 Nec6 13. Bxb4 Nxb4 14. a3 Nc6 15.
Rab1 Qe7 16. Ne1 Bh6 1/2-1/2

[Event "Trofeo Cristoforo Colombo"]
[Site "Genova ITA"]
[Date "1989.06.??"]
[Round "1"]
[White "Lerner, Konstantin Z."]
[Black "Bellon Lopez, Juan Manuel"]
[WhiteElo "2535"]
[BlackElo "2470"]
[Result "1-0"]
[PlyCount "125"]
[EventDate "1989.06.02"]

1. Nf3 c5 2. c4 Nc6 3. Nc3 Nf6 4. g3 d5 5. cxd5 Nxd5 6. Bg2 Nc7 7. O-O e5 8. d3
Be7 9. Nd2 Bd7 10. Nc4 O-O 11. Bxc6 Bxc6 12. Nxe5 Be8 13. Qb3 b6 14. Be3 Bf6
15. Ng4 Bc6 16. Nxf6+ Qxf6 17. a4 Rfe8 18. a5 b5 19. Qc2 Qf5 20. Ne4 Bxe4 21.
dxe4 Rxe4 22. Bxc5 Qe6 23. Qd3 Rxe2 24. Be3 Qc4 25. Qxc4 bxc4 26. Rfc1 Rxb2 27.
Rxc4 Nb5 28. Rac1 Rf8 29. Rc5 f6 30. Rd1 g5 31. Rd7 Rf7 32. Rc8+ Kg7 33. Rxf7+
Kxf7 34. Rb8 a6 35. Rb6 Ra2 36. Rxa6 Kg6 37. Bb6 g4 38. Ra8 Nd6 39. a6 Nc4 40.
Bd4 Nd2 41. a7 Nf3+ 42. Kg2 Nxd4 43. Rg8+ Kf7 44. a8=Q Rxa8 45. Rxa8 h5 46. h3
f5 47. Ra6 Kg7 48. Rd6 Nf3 49. hxg4 hxg4 50. Kf1 Ng5 51. Ke2 Kf7 52. Ke3 Ne6
53. Rd5 Kg6 54. Ra5 Kg5 55. Kd3 Kf6 56. Kc4 Ng5 57. Kd4 Ne6+ 58. Kd5 Nc7+ 59.
Kd6 Ne8+ 60. Kd7 Ng7 61. Ra6+ Ke5 62. Ke7 Ke4 63. Kf7 1-0

[Event "Trofeo Cristoforo Colombo"]
[Site "Genova ITA"]
[Date "1989.06.??"]
[Round "2"]
[White "Bellon Lopez, Juan Manuel"]
[Black "Krogius, Nikolai V."]
[WhiteElo "2470"]
[BlackElo "2550"]
[Result "1/2-1/2"]
[PlyCount "47"]
[EventDate "1989.06.02"]

1. d4 Nf6 2. Bg5 d5 3. Nd2 Nbd7 4. Ngf3 e6 5. e3 Be7 6. Bd3 b6 7. c4 Bb7 8. O-O
O-O 9. cxd5 Nxd5 10. Bxe7 Qxe7 11. Rc1 c5 12. Nb3 Rfc8 13. dxc5 Nxc5 14. Nxc5
Rxc5 15. Rxc5 Qxc5 16. Nd4 Nf6 17. Be2 Rc8 18. Bf3 Bxf3 19. Qxf3 Qd5 20. Qxd5
Nxd5 21. Rd1 Kf8 22. Kf1 Ke7 23. Ke2 g6 24. a3 1/2-1/2

[Event "Trofeo Cristoforo Colombo"]
[Site "Genova ITA"]
[Date "1989.06.??"]
[Round "2"]
[White "Cramling, Pia"]
[Black "Farago, Ivan"]
[WhiteElo "2480"]
[BlackElo "2495"]
[Result "1/2-1/2"]
[PlyCount "115"]
[EventDate "1989.06.02"]

1. d4 Nf6 2. c4 e6 3. Nf3 b6 4. a3 Ba6 5. Qc2 Bb7 6. Nc3 c5 7. e4 cxd4 8. Nxd4
Bc5 9. Nb3 Nc6 10. Bg5 h6 11. Bh4 Nd4 12. Nxd4 Bxd4 13. Bd3 Qb8 14. Bg3 Be5 15.
O-O-O O-O 16. Rhe1 Rc8 17. Kb1 d6 18. f3 Nd7 19. Bf1 Ba6 20. f4 Bxc3 21. Qxc3
Bxc4 22. Bxc4 b5 23. f5 Rxc4 24. Bxd6 Qb7 25. Qf3 Nf6 26. fxe6 fxe6 27. Be5 Rf8
28. Bxf6 Rxf6 29. Rd8+ Kh7 30. Qd3 e5 31. Rd7 Qb6 32. h4 Qf2 33. Re2 Qxh4 34.
Rxa7 Rg6 35. Qd5 Qg4 36. Ra8 Re6 37. Ka2 Rd4 38. Qxb5 Rxe4 39. Rc2 Rd4 40. Qb3
e4 41. Rc6 Rxc6 42. Qg8+ Kg6 43. Qe8+ Kf6 44. Qxc6+ Qe6+ 45. Qxe6+ Kxe6 46. b4
Kd5 47. Rd8+ Kc4 48. Rxd4+ Kxd4 49. b5 e3 50. b6 e2 51. b7 e1=Q 52. b8=Q Qe2+
53. Qb2+ Qxb2+ 54. Kxb2 h5 55. Kc2 g5 56. a4 h4 57. a5 Kc5 58. Kd3 1/2-1/2

[Event "Trofeo Cristoforo Colombo"]
[Site "Genova ITA"]
[Date "1989.06.??"]
[Round "2"]
[White "Guido, Flavio"]
[Black "Skembris, Spyridon"]
[WhiteElo "2330"]
[BlackElo "2455"]
[Result "0-1"]
[PlyCount "64"]
[EventDate "1989.06.02"]

1. e4 c6 2. d4 d5 3. exd5 cxd5 4. c4 Nf6 5. Nc3 g6 6. cxd5 Bg7 7. Bb5+ Bd7 8.
Bc4 O-O 9. Nge2 b5 10. Bb3 b4 11. Na4 Bb5 12. O-O Nxd5 13. Re1 Nc6 14. Be3 e5
15. dxe5 Nxe3 16. fxe3 Bxe5 17. Nf4 Na5 18. Qd5 Qb8 19. a3 Nxb3 20. Qxb3 Bxa4
21. Qxa4 Bxb2 22. axb4 Bxa1 23. Qxa1 Rd8 24. Rf1 Qd6 25. h4 Qe7 26. Rf3 Rd6 27.
h5 Rad8 28. Kh2 g5 29. Rg3 h6 30. Ne2 Rd3 31. Nd4 Qe5 32. Qa5 Rd5 0-1

[Event "Trofeo Cristoforo Colombo"]
[Site "Genova ITA"]
[Date "1989.06.??"]
[Round "2"]
[White "Hector, Jonny"]
[Black "Lerner, Konstantin Z."]
[WhiteElo "2485"]
[BlackElo "2535"]
[Result "0-1"]
[PlyCount "78"]
[EventDate "1989.06.02"]

1. e4 c5 2. Nf3 d6 3. d4 cxd4 4. Nxd4 Nf6 5. Nc3 Nc6 6. Bc4 Qb6 7. Nde2 e6 8.
O-O Be7 9. Bb3 a6 10. Ng3 h5 11. h3 h4 12. Nge2 Qc7 13. f4 b5 14. a3 Na5 15.
Ba2 Nc4 16. b3 Nb6 17. Be3 Bb7 18. Qd4 Nbd7 19. b4 g6 20. Rad1 Qc6 21. Rf2 Rh5
22. e5 dxe5 23. fxe5 Nxe5 24. Rdf1 Nfd7 25. Bb3 Rf5 26. Qd2 Rc8 27. Nd1 Rxf2
28. Rxf2 Nc4 29. Qc3 Bf6 30. Bd4 e5 31. Bc5 Nxc5 32. bxc5 Qxc5 33. Nc1 Bg5 34.
Nd3 Qd4 35. Qe1 e4 36. Kh1 Kf8 37. Nf4 Kg7 38. Qf1 Rc7 39. Ne2 Qe5 0-1

[Event "Trofeo Cristoforo Colombo"]
[Site "Genova ITA"]
[Date "1989.06.??"]
[Round "2"]
[White "Klaric, Zlatko"]
[Black "Grassi, Mario"]
[WhiteElo "2445"]
[BlackElo "2210"]
[Result "1-0"]
[PlyCount "73"]
[EventDate "1989.06.02"]

1. d4 e6 2. Nf3 c5 3. e3 Nf6 4. Bd3 Nc6 5. c3 Qc7 6. O-O Be7 7. e4 cxd4 8. cxd4
Nb4 9. Nc3 Nxd3 10. Qxd3 O-O 11. Bg5 d5 12. Bxf6 dxe4 13. Nxe4 gxf6 14. Qe3 Bd7
15. Qh6 Qd8 16. d5 exd5 17. Ng3 Kh8 18. Rad1 Be6 19. Rd4 Rg8 20. Rh4 Rg7 21.
Nd4 Qg8 22. Qe3 Bc5 23. Qf3 Bxd4 24. Rxd4 f5 25. Nh5 Rg4 26. Qc3 Rxg2+ 27. Kh1
Rg7 28. Rd3 f6 29. Qxf6 Qf7 30. Qxg7+ Qxg7 31. Nxg7 Kxg7 32. Rc1 Kf6 33. f4 Bd7
34. Rc7 Bc6 35. Kg1 Rg8+ 36. Rg3 Re8 37. Rh3 1-0

[Event "Trofeo Cristoforo Colombo"]
[Site "Genova ITA"]
[Date "1989.06.??"]
[Round "3"]
[White "Farago, Ivan"]
[Black "Guido, Flavio"]
[WhiteElo "2495"]
[BlackElo "2330"]
[Result "0-1"]
[PlyCount "76"]
[EventDate "1989.06.02"]

1. d4 Nf6 2. c4 c5 3. d5 d6 4. Nc3 g6 5. e4 Bg7 6. Be2 O-O 7. Bf4 e6 8. dxe6
Bxe6 9. Bxd6 Re8 10. Nf3 Qb6 11. Bxb8 Raxb8 12. Qc2 Qa6 13. Nd2 Bh6 14. b3 Bd7
15. Rd1 Bc6 16. f3 Be3 17. Nd5 Bxd5 18. cxd5 Qa5 19. Kf1 b5 20. g3 Bd4 21. Nb1
h5 22. Kg2 h4 23. Rhe1 Kg7 24. a3 hxg3 25. hxg3 Rbc8 26. Rh1 Qb6 27. Qd3 a6 28.
b4 Qd6 29. bxc5 Bxc5 30. Rc1 Qe5 31. Nd2 Nxd5 32. f4 Qd4 33. Qxd4+ Bxd4 34.
Rxc8 Ne3+ 35. Kf3 Rxc8 36. Nb3 Bb6 37. Rc1 Nc2 38. Rd1 Rc3+ 0-1

[Event "Trofeo Cristoforo Colombo"]
[Site "Genova ITA"]
[Date "1989.06.??"]
[Round "3"]
[White "Grassi, Mario"]
[Black "Bellon Lopez, Juan Manuel"]
[WhiteElo "2210"]
[BlackElo "2470"]
[Result "0-1"]
[PlyCount "66"]
[EventDate "1989.06.02"]

1. Nf3 Nf6 2. c4 e6 3. g3 a6 4. Bg2 b5 5. b3 c5 6. O-O Bb7 7. Bb2 Qb6 8. Nc3
Nc6 9. e3 Be7 10. Qe2 O-O 11. Rfb1 d5 12. d4 cxd4 13. exd4 dxc4 14. bxc4 b4 15.
d5 Nd8 16. Ne4 exd5 17. c5 Qc6 18. Nd4 Qc7 19. Nd6 Bxd6 20. cxd6 Qxd6 21. Re1
Bc8 22. Rac1 Bd7 23. Qd3 Rc8 24. Rxc8 Bxc8 25. Nf3 Ne6 26. Bxf6 gxf6 27. Nh4
Ng7 28. Be4 f5 29. Qxd5 Qe7 30. Ng2 fxe4 31. Rxe4 Bb7 32. Rxe7 Bxd5 33. Ra7 Ra8
0-1

[Event "Trofeo Cristoforo Colombo"]
[Site "Genova ITA"]
[Date "1989.06.??"]
[Round "3"]
[White "Krogius, Nikolai V."]
[Black "Hector, Jonny"]
[WhiteElo "2550"]
[BlackElo "2485"]
[Result "1-0"]
[PlyCount "83"]
[EventDate "1989.06.02"]

1. Nf3 d5 2. d4 Nf6 3. c4 c6 4. Nc3 dxc4 5. a4 Bf5 6. e3 e6 7. Bxc4 Bb4 8. O-O
Nbd7 9. Qe2 Bg6 10. e4 O-O 11. Bd3 Bh5 12. Bf4 Re8 13. e5 Nd5 14. Nxd5 exd5 15.
h3 Nf8 16. g4 Bg6 17. Bg3 Be7 18. Kg2 Ne6 19. Bf5 a5 20. Rad1 Ra6 21. h4 h5 22.
Bxg6 fxg6 23. gxh5 gxh5 24. Nh2 Rb6 25. Qxh5 Rf8 26. f4 Rxb2+ 27. Kh3 c5 28. f5
Nxd4 29. f6 Rf7 30. Ng4 Qd7 31. fxe7 Rxe7 32. Qg6 Re2 33. Rxd4 cxd4 34. Rf5 Qe6
35. Nf6+ Kf8 36. Nxd5+ Kg8 37. Nxe7+ Qxe7 38. Qd6 Qe8 39. Qd5+ Kh8 40. Qf7 Qxf7
41. Rxf7 d3 42. Rxb7 1-0

[Event "Trofeo Cristoforo Colombo"]
[Site "Genova ITA"]
[Date "1989.06.??"]
[Round "3"]
[White "Lerner, Konstantin Z."]
[Black "Cramling, Pia"]
[WhiteElo "2535"]
[BlackElo "2480"]
[Result "1/2-1/2"]
[PlyCount "77"]
[EventDate "1989.06.02"]

1. c4 e5 2. Nc3 Nf6 3. Nf3 Nc6 4. g3 d5 5. cxd5 Nxd5 6. Bg2 Nb6 7. O-O Be7 8.
d3 O-O 9. Be3 Be6 10. Na4 Bd5 11. Nc5 Nd4 12. Bxd4 exd4 13. Rc1 Bxc5 14. Rxc5
c6 15. b4 Qf6 16. Ra5 a6 17. Qc2 Rad8 18. Qb2 Rfe8 19. a4 Na8 20. Rc5 Nc7 21.
Rc2 Rd6 22. Re1 Qd8 23. Nd2 Bxg2 24. Kxg2 Qd7 25. Nf3 Ne6 26. Qc1 Rd5 27. Rb2
h6 28. h4 Rf5 29. Qc4 Rd5 30. Rh1 h5 31. Qc1 Rf5 32. Rd1 Rd8 33. Rdd2 Qe7 34.
Qh1 Rd6 35. Kf1 Nc7 36. Ng5 Rdf6 37. Ne4 Re6 38. Ng5 Ref6 39. Ne4 1/2-1/2

[Event "Trofeo Cristoforo Colombo"]
[Site "Genova ITA"]
[Date "1989.06.??"]
[Round "3"]
[White "Skembris, Spyridon"]
[Black "Raicevic, Vladimir"]
[WhiteElo "2455"]
[BlackElo "2480"]
[Result "1/2-1/2"]
[PlyCount "31"]
[EventDate "1989.06.02"]

1. d4 Nf6 2. c4 e6 3. Nf3 Bb4+ 4. Bd2 Qe7 5. g3 O-O 6. Bg2 Bxd2+ 7. Qxd2 d6 8.
Nc3 e5 9. O-O c6 10. e4 Bg4 11. Ne1 Qd7 12. Nc2 Bh3 13. Rad1 Bxg2 14. Kxg2 Qe7
15. d5 c5 16. Ne3 1/2-1/2

[Event "Trofeo Cristoforo Colombo"]
[Site "Genova ITA"]
[Date "1989.06.??"]
[Round "4"]
[White "Cramling, Pia"]
[Black "Krogius, Nikolai V."]
[WhiteElo "2480"]
[BlackElo "2550"]
[Result "1/2-1/2"]
[PlyCount "49"]
[EventDate "1989.06.02"]

1. d4 Nf6 2. c4 e6 3. Nf3 d5 4. Nc3 Be7 5. Bg5 h6 6. Bh4 O-O 7. e3 Ne4 8. Bxe7
Qxe7 9. Bd3 Nxc3 10. bxc3 dxc4 11. Bxc4 c5 12. O-O b6 13. Qe2 Bb7 14. e4 Nc6
15. Rad1 Rad8 16. Rd2 e5 17. d5 Na5 18. Bd3 Bc8 19. Ne1 Rfe8 20. Bb5 Bd7 21.
Bxd7 Qxd7 22. Nf3 Nb7 23. Rb2 Nd6 24. c4 Rb8 25. Nd2 1/2-1/2

[Event "Trofeo Cristoforo Colombo"]
[Site "Genova ITA"]
[Date "1989.06.??"]
[Round "4"]
[White "Farago, Ivan"]
[Black "Lerner, Konstantin Z."]
[WhiteElo "2495"]
[BlackElo "2535"]
[Result "1/2-1/2"]
[PlyCount "37"]
[EventDate "1989.06.02"]

1. d4 Nf6 2. c4 e6 3. Nf3 b6 4. a3 Ba6 5. Qc2 Bb7 6. Nc3 c5 7. e4 cxd4 8. Nxd4
d6 9. Be2 Be7 10. Be3 a6 11. O-O Qc7 12. Rac1 Nbd7 13. f3 Rc8 14. Rfd1 O-O 15.
Bf1 Rfe8 16. Qf2 Qb8 17. Kh1 Bd8 18. Qg1 Kh8 19. b4 1/2-1/2

[Event "Trofeo Cristoforo Colombo"]
[Site "Genova ITA"]
[Date "1989.06.??"]
[Round "4"]
[White "Guido, Flavio"]
[Black "Raicevic, Vladimir"]
[WhiteElo "2330"]
[BlackElo "2480"]
[Result "1/2-1/2"]
[PlyCount "92"]
[EventDate "1989.06.02"]

1. e4 e6 2. d4 d5 3. e5 c5 4. c3 Qb6 5. Nf3 Bd7 6. a3 Nc6 7. b4 cxd4 8. cxd4
Rc8 9. Be3 a6 10. Ra2 Na7 11. Rc2 Rxc2 12. Qxc2 Ne7 13. Bd3 Bb5 14. Nc3 Bxd3
15. Qxd3 Nf5 16. Nxd5 Qc6 17. Nc3 Nb5 18. Nxb5 Nxe3 19. Nd6+ Bxd6 20. Qxe3 Bb8
21. O-O O-O 22. Rc1 Qd7 23. Qc3 h6 24. h3 Rd8 25. Qc5 Kh7 26. Kh2 Kg8 27. g3
Rf8 28. Kg2 Qa4 29. Rc3 Qd7 30. h4 g6 31. Qa5 Kg7 32. Rc5 Rd8 33. Qb6 Qe7 34.
a4 Kh7 35. Kh2 Kg7 36. Kg2 Kh7 37. Kg1 Kg7 38. Kf1 Kh7 39. Kg1 Kg7 40. Kh1 Kh7
41. a5 Kg7 42. Kg2 Kh7 43. Rc4 Kg7 44. Nh2 Qd7 45. Qc5 Ba7 46. Qc7 Bxd4 1/2-1/2

[Event "Trofeo Cristoforo Colombo"]
[Site "Genova ITA"]
[Date "1989.06.??"]
[Round "4"]
[White "Hector, Jonny"]
[Black "Grassi, Mario"]
[WhiteElo "2485"]
[BlackElo "2210"]
[Result "1-0"]
[PlyCount "117"]
[EventDate "1989.06.02"]

1. e4 e6 2. d4 d5 3. Nc3 Bb4 4. Qd3 dxe4 5. Qxe4 Nf6 6. Qh4 Nc6 7. Nf3 e5 8.
dxe5 Qe7 9. Bb5 Bxc3+ 10. bxc3 Bd7 11. Bxc6 Bxc6 12. O-O Ne4 13. Qxe7+ Kxe7 14.
Ba3+ Ke8 15. c4 Rd8 16. Rfd1 Ba4 17. Rxd8+ Kxd8 18. Re1 f5 19. Nd4 g6 20. f3
Nd2 21. c5 b6 22. c6 Nc4 23. Bb4 a5 24. Bc3 Ke7 25. g4 Rf8 26. gxf5 gxf5 27.
Kf2 b5 28. Rg1 b4 29. Rg7+ Rf7 30. Nxf5+ Kf8 31. Rxf7+ Kxf7 32. Ba1 Bxc2 33.
e6+ Ke8 34. Nd4 Bb1 35. Nb5 Bxa2 36. Bf6 Nd6 37. Nxc7+ Kf8 38. Bd4 Ke7 39. Bc5
Bc4 40. Ke3 b3 41. Kd2 a4 42. Kc3 Be2 43. Nd5+ Kxe6 44. Nf4+ Ke5 45. Nxe2 Nb5+
46. Kb2 Kd5 47. Bf8 Kxc6 48. Bg7 Kc5 49. Nc3 Nd4 50. Nxa4+ Kc4 51. Nb6+ Kd3 52.
Nd7 Ke3 53. Bxd4+ Kxd4 54. Kxb3 Ke3 55. Ne5 Kf4 56. Kc3 Kxe5 57. Kd3 Kf4 58.
Ke2 Kf5 59. Ke3 1-0

[Event "Trofeo Cristoforo Colombo"]
[Site "Genova ITA"]
[Date "1989.06.??"]
[Round "4"]
[White "Klaric, Zlatko"]
[Black "Skembris, Spyridon"]
[WhiteElo "2445"]
[BlackElo "2455"]
[Result "1/2-1/2"]
[PlyCount "104"]
[EventDate "1989.06.02"]

1. d4 c5 2. c3 e6 3. Nf3 Nf6 4. Bg5 d5 5. e3 Qb6 6. Qc2 Ne4 7. Nbd2 Nxg5 8.
Nxg5 h6 9. Ngf3 Nc6 10. Ne5 Bd6 11. f4 O-O 12. Bd3 f5 13. Ndf3 Bxe5 14. fxe5
Bd7 15. O-O Rac8 16. Qf2 c4 17. Bb1 Ne7 18. Nh4 g5 19. Nf3 Rf7 20. h4 Rg7 21.
hxg5 hxg5 22. Nh2 g4 23. Qd2 Qd8 24. g3 Ng6 25. e4 dxe4 26. Bxe4 Bc6 27. Bxc6
Rxc6 28. Rae1 Ne7 29. Rf2 Nd5 30. Nf1 Rh7 31. Ne3 Nxe3 32. Rxe3 Qd5 33. Rh2
Rxh2 34. Qxh2 Rc7 35. Qh1 Qb5 36. Qh6 Qd5 37. Qg6+ Kh8 38. Qf6+ Kg8 39. Qg6+
Kh8 40. Qe8+ Kg7 41. Re2 Qf3 42. Rh2 Qxg3+ 43. Kh1 Qe1+ 44. Kg2 Qd2+ 45. Kg1
Qc1+ 46. Kg2 Qxb2+ 47. Kg1 Qa1+ 48. Kg2 Qxa2+ 49. Kg1 Qb1+ 50. Kg2 Qc2+ 51. Kg1
Qd1+ 52. Kg2 Qf3+ 1/2-1/2

[Event "Trofeo Cristoforo Colombo"]
[Site "Genova ITA"]
[Date "1989.06.??"]
[Round "5"]
[White "Grassi, Mario"]
[Black "Cramling, Pia"]
[WhiteElo "2210"]
[BlackElo "2480"]
[Result "0-1"]
[PlyCount "62"]
[EventDate "1989.06.02"]

1. Nf3 c5 2. c4 Nc6 3. Nc3 e5 4. g3 g6 5. b3 Bg7 6. Bb2 Nge7 7. Bg2 O-O 8. O-O
d6 9. Ne1 Be6 10. Nd5 Qd7 11. Nc2 Bh3 12. Nce3 Bxg2 13. Kxg2 f5 14. f4 Rae8 15.
Kh1 h6 16. Rf2 Rf7 17. Rb1 g5 18. Qf1 Ref8 19. Qg2 Ng6 20. Rbf1 exf4 21. Bxg7
Rxg7 22. Nd1 Nce5 23. Rg1 fxg3 24. hxg3 Ng4 25. Rff1 h5 26. e4 Rgf7 27. d3 N6e5
28. N1e3 fxe4 29. Nxg4 Nxg4 30. Qxe4 Rxf1 31. Ne7+ Kh8 0-1

[Event "Trofeo Cristoforo Colombo"]
[Site "Genova ITA"]
[Date "1989.06.??"]
[Round "5"]
[White "Krogius, Nikolai V."]
[Black "Farago, Ivan"]
[WhiteElo "2550"]
[BlackElo "2495"]
[Result "1/2-1/2"]
[PlyCount "86"]
[EventDate "1989.06.02"]

1. Nf3 Nf6 2. c4 c5 3. g3 d5 4. cxd5 Nxd5 5. d4 cxd4 6. Nxd4 Nb4 7. Qa4+ N8c6
8. Nxc6 Nxc6 9. Bg2 Bd7 10. O-O g6 11. Nc3 Bg7 12. Be3 O-O 13. Rfd1 Bxc3 14.
bxc3 Qc8 15. Qh4 Re8 16. Rac1 Nd8 17. c4 Bc6 18. Bh3 Ne6 19. Bd4 Ba4 20. Rd2
Qc6 21. Bb2 Qa6 22. c5 Ng7 23. Qh6 f6 24. Qe3 Kf8 25. Qa3 Bb5 26. Qxa6 Bxa6 27.
c6 bxc6 28. Rxc6 Bc8 29. Bg2 Bb7 30. Rc7 Bxg2 31. Kxg2 Ne6 32. Rc6 Kf7 33. Ba3
Rec8 34. Rxc8 Rxc8 35. Rd7 Rc7 36. Rxc7 Nxc7 37. Kf3 e5 38. Ke3 Ke6 39. Kd3 Kd5
40. e4+ Kc6 41. Kc4 Ne6 42. Bc1 Ng5 43. Be3 a6 1/2-1/2

[Event "Trofeo Cristoforo Colombo"]
[Site "Genova ITA"]
[Date "1989.06.??"]
[Round "5"]
[White "Lerner, Konstantin Z."]
[Black "Guido, Flavio"]
[WhiteElo "2535"]
[BlackElo "2330"]
[Result "1-0"]
[PlyCount "59"]
[EventDate "1989.06.02"]

1. d4 Nf6 2. c4 c5 3. d5 d6 4. Nc3 g6 5. e4 Bg7 6. Bd3 O-O 7. h3 e6 8. Nf3 exd5
9. exd5 Re8+ 10. Be3 b5 11. Nxb5 Ne4 12. O-O a6 13. Nc3 Nxc3 14. bxc3 Bxc3 15.
Rc1 Bg7 16. Bf4 Ra7 17. Rb1 Qc7 18. Re1 Rxe1+ 19. Qxe1 Kf8 20. Ng5 Nd7 21. Nxf7
Ne5 22. Nxe5 Bxe5 23. Bxe5 dxe5 24. Qc3 Qd6 25. Re1 Re7 26. f4 exf4 27. Qh8+
Kf7 28. Qxh7+ Ke8 29. Bxg6+ Kd8 30. Qh4 1-0

[Event "Trofeo Cristoforo Colombo"]
[Site "Genova ITA"]
[Date "1989.06.??"]
[Round "5"]
[White "Raicevic, Vladimir"]
[Black "Klaric, Zlatko"]
[WhiteElo "2480"]
[BlackElo "2445"]
[Result "1/2-1/2"]
[PlyCount "34"]
[EventDate "1989.06.02"]

1. e4 c5 2. c3 d6 3. d4 cxd4 4. cxd4 Nf6 5. Nc3 g6 6. Bb5+ Bd7 7. Qe2 Nc6 8.
Nf3 a6 9. Bxc6 Bxc6 10. O-O Bg7 11. d5 Bd7 12. h3 O-O 13. a4 b5 14. axb5 axb5
15. Rxa8 Qxa8 16. Qd3 b4 17. Ne2 Bc8 1/2-1/2

[Event "Trofeo Cristoforo Colombo"]
[Site "Genova ITA"]
[Date "1989.06.??"]
[Round "5"]
[White "Skembris, Spyridon"]
[Black "Bellon Lopez, Juan Manuel"]
[WhiteElo "2455"]
[BlackElo "2470"]
[Result "1/2-1/2"]
[PlyCount "76"]
[EventDate "1989.06.02"]

1. d4 Nf6 2. c4 e6 3. Nc3 c5 4. d5 exd5 5. cxd5 d6 6. e4 g6 7. f4 Bg7 8. Bb5+
Nfd7 9. a4 O-O 10. Nf3 Na6 11. O-O Nc7 12. Bc4 a6 13. Re1 b5 14. axb5 Nb6 15.
Bf1 axb5 16. Rxa8 Nbxa8 17. Nxb5 Nxb5 18. Bxb5 Qb6 19. Bc6 Bb7 20. Bxb7 Qxb7
21. e5 Nc7 22. exd6 Nxd5 23. Qa4 Qb6 24. d7 Qd6 25. Ne5 Rd8 26. Nxg6 Bd4+ 27.
Kh1 Qxg6 28. Re8+ Kg7 29. Rxd8 Qd3 30. Rg8+ Kh6 31. f5+ Kh5 32. Qxd4 cxd4 33.
h3 Qf1+ 34. Kh2 Qxc1 35. d8=Q Qf4+ 36. Kh1 Qf1+ 37. Kh2 Qf4+ 38. Kg1 Qc1+
1/2-1/2

[Event "Trofeo Cristoforo Colombo"]
[Site "Genova ITA"]
[Date "1989.06.??"]
[Round "6"]
[White "Bellon Lopez, Juan Manuel"]
[Black "Raicevic, Vladimir"]
[WhiteElo "2470"]
[BlackElo "2480"]
[Result "0-1"]
[PlyCount "94"]
[EventDate "1989.06.02"]

1. d4 Nf6 2. c4 e6 3. Nf3 d5 4. Nc3 Nbd7 5. Bg5 c6 6. e3 Qa5 7. Be2 Ne4 8. O-O
Nxg5 9. Nxg5 dxc4 10. f4 Be7 11. Bxc4 Bxg5 12. fxg5 Qxg5 13. Rf3 Nb6 14. Bb3
O-O 15. Ne4 Qe7 16. Nf6+ Kh8 17. Qe1 Nd7 18. Qh4 Nxf6 19. Bc2 h6 20. Raf1 Ng8
21. Qxe7 Nxe7 22. Rxf7 Rxf7 23. Rxf7 Ng8 24. Be4 e5 25. d5 cxd5 26. Bxd5 Bg4
27. Rxb7 Nf6 28. Bf7 a5 29. Re7 e4 30. Bg6 a4 31. h3 Be2 32. Rc7 Bd3 33. Bf7
Kh7 34. g4 Bb5 35. Kf2 Rd8 36. Kg3 Bd7 37. Bc4 Re8 38. Rc5 Be6 39. Bxe6 Rxe6
40. h4 Rb6 41. g5 hxg5 42. hxg5 Nd7 43. Rc4 Rxb2 44. Rxa4 Nb6 45. Rxe4 Rxa2 46.
Re6 Nd7 47. e4 Ra5 0-1

[Event "Trofeo Cristoforo Colombo"]
[Site "Genova ITA"]
[Date "1989.06.??"]
[Round "6"]
[White "Farago, Ivan"]
[Black "Grassi, Mario"]
[WhiteElo "2495"]
[BlackElo "2210"]
[Result "1-0"]
[PlyCount "65"]
[EventDate "1989.06.02"]

1. d4 d6 2. Nf3 Bg4 3. e4 Nf6 4. Nc3 g6 5. h3 Bxf3 6. Qxf3 c6 7. Bc4 Nbd7 8.
Bg5 Bg7 9. O-O-O Qa5 10. Qe3 O-O 11. Kb1 b5 12. Bb3 b4 13. Ne2 Rfe8 14. f4 Rac8
15. e5 Nd5 16. Qf3 e6 17. Ng3 c5 18. dxc5 dxc5 19. Rxd5 exd5 20. Qxd5 Nxe5 21.
fxe5 Qc7 22. Bc4 Qxe5 23. Qxe5 Bxe5 24. Ne4 Kg7 25. Bb5 Rh8 26. Rd1 Rc7 27. Rd5
Bd4 28. Rxd4 cxd4 29. Bf6+ Kg8 30. Bxd4 h6 31. Nf6+ Kf8 32. Nd5 Rb7 33. Bc6 1-0

[Event "Trofeo Cristoforo Colombo"]
[Site "Genova ITA"]
[Date "1989.06.??"]
[Round "6"]
[White "Guido, Flavio"]
[Black "Klaric, Zlatko"]
[WhiteElo "2330"]
[BlackElo "2445"]
[Result "0-1"]
[PlyCount "78"]
[EventDate "1989.06.02"]

1. e4 e5 2. Nf3 Nc6 3. d4 exd4 4. Bc4 d6 5. Nxd4 g6 6. Nc3 Bg7 7. Be3 Nf6 8. f3
O-O 9. Nxc6 bxc6 10. Qd2 Be6 11. Bb3 a5 12. O-O-O Re8 13. g4 Qb8 14. g5 Nd7 15.
h4 a4 16. Bxe6 Rxe6 17. h5 Qb4 18. a3 Qb7 19. Bd4 Ne5 20. hxg6 hxg6 21. Qh2 c5
22. Bxe5 Rxe5 23. f4 Rxe4 24. f5 Rb8 25. b3 gxf5 26. Nxe4 Qxe4 27. Rhe1 Qa8 28.
b4 cxb4 29. g6 fxg6 30. Qe2 Qe4 31. Qxe4 fxe4 32. Rxe4 bxa3 33. Rxa4 Bh6+ 34.
Rd2 Rf8 35. Kd1 Bxd2 36. Kxd2 Rf2+ 37. Kd3 g5 38. Ra5 Rg2 39. Ke4 Rxc2 0-1